[Event "55th Biel GM 2022"]
[Site "Biel SUI"]
[Date "2022.07.15"]
[Round "2.2"]
[White "Esipenko, Andrey"]
[Black "Salem, A.R. Saleh"]
[Result "1/2-1/2"]
[WhiteTitle "GM"]
[BlackTitle "GM"]
[WhiteElo "2682"]
[BlackElo "2684"]
[WhiteFideId "24175439"]
[BlackFideId "9301348"]
[EventDate "2022.07.14"]

1. e4 e5 2. Nf3 Nc6 3. Bb5 a6 4. Ba4 Nf6 5. O-O Be7 6. d3 b5 7. Bb3 O-O 8. a4
Bb7 9. Nc3 Na5 10. Bd5 c6 11. Ba2 Qc7 12. Bg5 b4 13. Nb1 d5 14. Nbd2 Rad8 15.
Re1 d4 16. Nc4 Nxc4 17. Bxc4 a5 18. Nd2 h6 19. Bh4 g6 20. Bb3 Kg7 21. Rf1 Ba6
22. Kh1 Rh8 23. Qe2 Rde8 24. Rae1 Bc8 25. Nc4 Be6 26. Nd2 Bc8 27. Nc4 Be6 28.
Nd2 Bc8 29. Nc4 1/2-1/2

[Event "55th Biel GM 2022"]
[Site "Biel SUI"]
[Date "2022.07.21"]
[Round "6.2"]
[White "Abdusattorov, Nodirbek"]
[Black "Esipenko, Andrey"]
[Result "0-1"]
[WhiteTitle "GM"]
[BlackTitle "GM"]
[WhiteElo "2688"]
[BlackElo "2682"]
[WhiteFideId "14204118"]
[BlackFideId "24175439"]
[EventDate "2022.07.14"]

1. e4 e5 2. Nf3 Nc6 3. Bc4 Nf6 4. d3 Bc5 5. O-O h6 6. c3 d6 7. b4 Bb6 8. a4 a5
9. b5 Ne7 10. Be3 Bxe3 11. fxe3 O-O 12. Nbd2 Ng6 13. d4 c6 14. Rb1 d5 15. Bd3
dxe4 16. Bxe4 Nxe4 17. Nxe4 exd4 18. exd4 cxb5 19. Rxb5 Bd7 20. Rb2 Bc6 21. Qb1
Re8 22. Nc5 Re3 23. Qc1 Qe7 24. Re1 Rxe1+ 25. Qxe1 Qd6 26. Qg3 Qd5 27. Ne5 Nxe5
28. Qxe5 Qc4 29. Qg3 Re8 30. h4 b6 31. Rxb6 Bxg2 32. Qd3 Qd5 33. Qg3 Qc4 34. Qd3
Qa2 35. Qb1 Qd2 36. Rb8 Bc6 37. Rxe8+ Bxe8 38. Qe4 Kf8 39. Qe5 Qxc3 40. Kf2 Qb2+
41. Ke3 Qb6 42. Kd3 Qd8 43. Qf4 Kg8 44. Qe4 Qb8 45. d5 Qb1+ 46. Kd4 Qa1+ 47. Kd3
Qd1+ 48. Kc3 Kf8 49. Qd4 Qxd4+ 50. Kxd4 Ke7 51. Ke5 f6+ 52. Kd4 h5 53. Nb7 g5
54. hxg5 fxg5 55. Nxa5 Bxa4 56. Nb7 h4 57. Nc5 Bc2 58. Ke5 h3 59. d6+ Kf7 60.
Ne6 h2 0-1